00363nam a2200145Ia 4500008004100000084001100041100002000052245005100072250002000123260000900143260000900152260001100161300001000172500003500182180424s9999 xx 000 0 und d aT95 S2 a"Suthamathi, R" 0aNaarkavirasa Nambi Eayatriya Agapporul Vilakam a\\201200ENGGPSX aNCBH b2012 cMadras a329p  aincludes index and biblioraphy